000 00351nam a2200133Ia 4500
008 240624s9999 xx 000 0 und d
041 _aeng
082 _a200 RAT
100 _aRATHORE AAKASH SINGH
245 _aBUDDHA AND HIS DHAMMA
260 _c2011
_aNew Delhi
_bOxford University Press
300 _axxxi, : 325 : p. : cm. ; 23
365 _cRS
_b25
999 _c16707
_d16707